Periodic Table Symbol Quiz - Statistics

General Stats
  • This quiz has been taken 333 times
  • The average score is 49 of 118
Answer Stats
# Symbol Element % Correct
7 N N
97%
5 B B
96%
1 H H
96%
6 C C
95%
9 F F
94%
8 O O
94%
2 He He
92%
19 K K
89%
4 Be Be
88%
3 Li Li
88%
15 P P
88%
16 S S
88%
10 Ne Ne
87%
18 Ar Ar
82%
11 Na Na
82%
12 Mg Mg
80%
53 I I
76%
20 Ca Ca
74%
23 V V
74%
13 Al Al
73%
36 Kr Kr
73%
17 Cl Cl
69%
14 Si Si
69%
35 Br Br
68%
32 Ge Ge
68%
28 Ni Ni
68%
27 Co Co
67%
26 Fe Fe
66%
31 Ga Ga
66%
34 Se Se
66%
33 As As
65%
29 Cu Cu
65%
22 Ti Ti
64%
30 Zn Zn
64%
21 Sc Sc
62%
25 Mn Mn
60%
24 Cr Cr
57%
47 Ag Ag
47%
39 Y Y
47%
79 Au Au
45%
54 Xe Xe
43%
55 Cs Cs
42%
87 Fr Fr
42%
56 Ba Ba
41%
88 Ra Ra
41%
58 Ce Ce
40%
74 W W
40%
37 Rb Rb
39%
92 U U
39%
50 Sn Sn
36%
38 Sr Sr
36%
42 Mo Mo
34%
52 Te Te
34%
57 La La
33%
84 Po Po
33%
102 No No
32%
86 Rn Rn
32%
44 Ru Ru
31%
40 Zr Zr
31%
118 Og Og
30%
85 At At
29%
80 Hg Hg
29%
49 In In
29%
77 Ir Ir
29%
45 Rh Rh
29%
114 Fl Fl
28%
82 Pb Pb
27%
41 Nb Nb
26%
46 Pd Pd
26%
51 Sb Sb
26%
96 Cm Cm
25%
112 Cn Cn
25%
99 Es Es
25%
101 Md Md
25%
75 Re Re
25%
48 Cd Cd
24%
68 Er Er
24%
95 Am Am
23%
72 Hf Hf
23%
59 Pr Pr
23%
89 Ac Ac
22%
83 Bi Bi
22%
63 Eu Eu
22%
115 Mc Mc
22%
91 Pa Pa
22%
78 Pt Pt
22%
73 Ta Ta
22%
67 Ho Ho
21%
71 Lu Lu
21%
76 Os Os
21%
94 Pu Pu
21%
43 Tc Tc
21%
98 Cf Cf
20%
61 Pm Pm
20%
81 Tl Tl
19%
117 Ts Ts
19%
70 Yb Yb
18%
107 Bh Bh
17%
97 Bk Bk
17%
100 Fm Fm
17%
64 Gd Gd
17%
103 Lr Lr
17%
60 Nd Nd
17%
93 Np Np
17%
104 Rf Rf
17%
62 Sm Sm
17%
90 Th Th
17%
105 Db Db
16%
66 Dy Dy
16%
116 Lv Lv
16%
109 Mt Mt
16%
65 Tb Tb
16%
69 Tm Tm
16%
108 Hs Hs
15%
110 Ds Ds
14%
111 Rg Rg
14%
113 Nh Nh
13%
106 Sg Sg
12%
No matching quizzes found
Score Distribution
Percent of People with Each Score
Percentile by Number Answered
Your Score History
You have not taken this quiz